000 00636nam a22001937a 4500
005 20171106115909.0
010 _aENG-121262
020 _a9789382591467
_c199.00
035 _aEN-104794
037 _aDBAD/PUB
082 _a338.470040954
100 _aKahate, Atul
245 _aIt happens only in i.t :
_cby P.Daniel Sundarraj
_bfascinating story of the indian i.t. industry
260 _aPune
_bRohan prints
_c2014
270 _aRohan prints, Dhawalgiri, Shop 5 & 6 , 430 Shaniwar Peth,
_bPune
_e411030
300 _a207p.
_c21cm(pbk)
500 _aincludes Reference
942 _2ddc
_cEN
_h338.470040954
_mKAH
999 _c147171
_d147171